Statistics for Pop-Up Mystery Categories

Click here to take the quiz!

General Stats

  • This quiz has been taken 756 times
  • The average score is 25 of 33

Answer Stats

HintAnswer% Correct
ABEMLily
99%
MORSTBeam
99%
AFLLStorm
97%
BNRUFall
97%
CKRTUBurn
97%
EEHLWTruck
96%
EHINSWheel
96%
EOPRWShine
96%
AEGTPower
89%
ALLWRise
89%
FOOPRWall
89%
EIRSGate
88%
DERSSProof
88%
ACELPDress
88%
DLORWPlace
87%
ABEHTWorld
87%
FGHITBathe
80%
ELMNOFight
79%
EKORSTMelon
74%
DOOWStroke
69%
OPSTUWood
69%
EEGINNFlower
64%
CEENRSSpout
61%
KORSWScreen
60%
GIIKNSWorks
59%
EFLORWSkiing
55%
ABDGINOREngine
55%
SUN
50%
WATER
44%
AEGLSSSBoarding
42%
ACCEKRRGlasses
40%
FIRE
38%
Cracker
35%

Score Distribution

Percentile by Number Answered

Percent of People with Each Score

Your Score History

You have not taken this quiz